| 000 | 01284nam2a22002171 4500 | ||
|---|---|---|---|
| 001 | RU\NLR\A1DV\32670 | ||
| 005 | 20251214192547.0 | ||
| 035 | _a(NLR Aleph) 010777669 | ||
| 090 |
_a13491702 _c13491702 |
||
| 100 | _a20060503d1822 u y0rusy50 ca | ||
| 101 | 0 | _arus | |
| 200 | 0 | _aЧ.2, т.4, отд-ние 1 | |
| 210 | _d1822 | ||
| 215 |
_a[6], X, 136, [2] с. _cтабл. |
||
| 461 | 1 |
_1001RU\NLR\A1DV\32667 _12000#$aСистематический свод существующих законов Российской Империи,$eС основаниями права, из оных извлеченными.$fИздаваемый Коммисиею составления законов$vЧ.2, т.4, отд-ние 1 _910051271 _cВ Санктпетербурге _d1816-1822 _fИздаваемый Коммисиею составления законов _nВ типографии Коммисии составления законов _oС основаниями права, из оных извлеченными. _tСистематический свод существующих законов Российской Империи, _vЧ.2, т.4, отд-ние 1 |
|
| 801 | 0 |
_aRU _bNLR _c20060503 |
|
| 852 |
_aNLR _j18.71.2.1 |
||
| 942 | _cBOOK | ||
| 980 | _aA1DV | ||
| 980 | _aNB | ||